000 01643cam a22003614a 4500
999 _c128223
_d128223
001 15286269
003 ARRUPE
005 20180920153652.0
008 080428s2006 vc a b 100 0 eng
010 _a 2008437843
020 _a9788820978808
020 _a8820978806
035 _a(ItFiC)it07951316
040 _aDLC
_cDLC
050 0 0 _aB67
_b.C565 2006
245 0 4 _aThe controversial relationships between science and philosophy :
_ba critical assessment : proceeding of the workshop at the Pontifical Gregorian University, Rome, 30 Sept.-1 Oct. 2005 /
_cedited by Gennaro Auletta.
260 _aVatican City :
_bPontifical Council for Culture,
_cc2006.
300 _a328 p. :
_bcol. ill. ;
_c24 cm.
490 0 _aSTOQ project research series ;
_v3
500 _aAt head of title: Presidenza del Consiglio dei Ministri, Dipartimento della funzione pubblica.
500 _a"STOQ, Science, theology and the ontological quest"--Cover.
500 _a"Pontifical Council for Culture"--Cover.
504 _aIncludes bibliographical references.
650 0 _aPhilosophy and science
_vCongresses.
_942434
700 1 _aAuletta, Gennaro,
_d1957-
_942435
710 2 _aItaly.
_bDipartimento per la funzione pubblica.
_942436
710 2 _aSTOQ Project.
_942437
710 2 _aCatholic Church.
_bPontificium Consilium pro Cultura.
_95318
710 2 _aPontificia Università gregoriana.
_942438
906 _a7
_bcbc
_corigres
_d3
_encip
_f20
_gy-gencatlg
942 _2lcc
_cMONOGRAPH